[Event "2nd IMSA Basque w 2017"]
[Site "Huai'an CHN"]
[Date "2017.12.14"]
[Round "2.1"]
[White "Paehtz, Elisabeth"]
[Black "Lagno, Kateryna"]
[Result "0-1"]
[WhiteTitle "IM"]
[BlackTitle "GM"]
[WhiteElo "2464"]
[BlackElo "2547"]
[WhiteFideId "4641833"]
[BlackFideId "14109336"]
[EventDate "2017.12.14"]

1. e4 e5 2. Nf3 Nc6 3. Nc3 Nf6 4. Be2 Bd6 5. d4 exd4 6. Nxd4 Be5 7. Be3 d6 8.
O-O O-O 9. f4 Bxd4 10. Bxd4 Nxd4 11. Qxd4 Be6 12. Rad1 Qe7 13. Bf3 Rfd8 14. h3
a6 15. a4 h6 16. Rfe1 Rab8 17. a5 c5 18. Qa4 Qc7 19. b3 Bd7 20. Qa1 Bc6 21. Kh1
Re8 22. Nd5 Bxd5 23. exd5 h5 24. Qc3 Qd7 25. Qd3 Rxe1+ 26. Rxe1 Re8 27. Rxe8+
Qxe8 28. Qd2 g6 29. Kh2 Qe7 30. b4 cxb4 31. Qxb4 h4 32. Qc3 Kg7 33. Kg1 Qe8 34.
Kf2 Qa4 35. Qd2 Qc4 36. f5 Nd7 37. fxg6 fxg6 38. Qg5 Qxc2+ 39. Kg1 Nf6 40. Qxh4
Qc5+ 41. Kh2 Qxa5 42. Qg5 Qe1 43. Qf4 Qe7 44. Qb4 Qe5+ 45. Kh1 Qe7 46. Qb6 Kh6
47. Qb4 Qc7 48. Qf4+ Kg7 49. h4 Qe7 50. Qg5 b5 51. Qd2 Nd7 52. Qd4+ Ne5 53. Be2
Qf6 54. g3 g5 55. Qa7+ Kh6 56. Qe3 Kg6 57. Bd3+ Nxd3 58. Qxd3+ Kg7 59. hxg5 Qxg5
60. Qc3+ Qf6 61. Qa3 Qf1+ 62. Kh2 Qe2+ 63. Kg1 Qd1+ 64. Kh2 Qh5+ 65. Kg1 Qe5 66.
Kh2 Qh5+ 67. Kg1 Qxd5 68. Qxa6 b4 69. Qa1+ Qe5 70. Qa7+ Kg6 71. Qd7 Qxg3+ 72.
Kh1 Qh4+ 73. Kg1 Qg5+ 74. Kh1 Qd5+ 75. Kg1 b3 76. Qe8+ Kf5 77. Qh5+ Ke4 78. Qe2+
Kd4 79. Qd2+ Kc4 80. Qe2+ Qd3 81. Qe6+ Kb4 82. Qg4+ Ka3 0-1

[Event "2nd IMSA Basque w 2017"]
[Site "Huai'an CHN"]
[Date "2017.12.14"]
[Round "2.2"]
[White "Lagno, Kateryna"]
[Black "Paehtz, Elisabeth"]
[Result "1-0"]
[WhiteTitle "GM"]
[BlackTitle "IM"]
[WhiteElo "2547"]
[BlackElo "2464"]
[WhiteFideId "14109336"]
[BlackFideId "4641833"]
[EventDate "2017.12.14"]

1. e4 c5 2. Nf3 d6 3. d4 cxd4 4. Nxd4 Nf6 5. Nc3 a6 6. a3 Nc6 7. Be2 g6 8. Be3
Bg7 9. O-O O-O 10. f4 Bd7 11. Bf3 Nxd4 12. Bxd4 Bc6 13. Qe2 Nd7 14. Be3 Rc8 15.
Rfd1 Qc7 16. Qf2 b5 17. Rd2 Qb7 18. Bd4 Bxd4 19. Rxd4 Nc5 20. f5 Nd7 21. Be2 Ne5
22. f6 exf6 23. Qxf6 Qb6 24. Qf2 Rfd8 25. Rad1 Bb7 26. Nd5 Bxd5 27. Rxd5 Qc7 28.
c3 Kg7 29. Qd4 Qb7 30. Bf3 Rc4 31. Qe3 Qe7 32. Be2 Rc6 33. Qd4 f6 34. a4 bxa4
35. Qxa4 Qa7+ 36. Qd4 Qc7 37. Ra1 Rb8 38. Ra2 Rcb6 39. b4 Rc6 40. Rxa6 Rxa6 41.
Bxa6 Rb6 42. Be2 Rc6 43. Ra5 Rb6 44. Ra6 Rxa6 45. Bxa6 Nc6 46. Qe3 Ne5 47. Qd4
Nc6 48. Qe3 Ne5 49. Be2 h5 50. h3 h4 51. b5 Nd7 52. Bg4 Nc5 53. Qd4 Qb6 54. Kh2
Qb8 55. Bf3 Ne6 56. Qd5 Nf4 57. Qc6 d5 58. b6 Ne6+ 59. Kg1 Qg3 60. Kf1 Ng5 61.
Qc7+ 1-0

[Event "2nd IMSA Basque w 2017"]
[Site "Huai'an CHN"]
[Date "2017.12.14"]
[Round "3.1"]
[White "Muzychuk, Anna"]
[Black "Lagno, Kateryna"]
[Result "0-1"]
[WhiteTitle "GM"]
[BlackTitle "GM"]
[WhiteElo "2582"]
[BlackElo "2547"]
[WhiteFideId "14111330"]
[BlackFideId "14109336"]
[EventDate "2017.12.14"]

1. e4 c5 2. Nf3 d6 3. Bb5+ Nd7 4. O-O a6 5. Bd3 Ngf6 6. c3 b5 7. Bc2 Bb7 8. Re1
c4 9. a4 e6 10. d4 cxd3 11. Qxd3 Nc5 12. Qe2 bxa4 13. Be3 Nfxe4 14. Nbd2 Nxd2
15. Nxd2 d5 16. Qh5 Qd7 17. Nf3 O-O-O 18. Ne5 Qc7 19. Qxf7 Nd7 20. Nxd7 Qxd7 21.
Qxd7+ Rxd7 22. Bxa4 Re7 23. Bg5 Rf7 24. Rxe6 Bc5 25. Be3 Bxe3 26. Rxe3 Rhf8 27.
f3 Kc7 28. Rae1 Bc8 29. Be8 Rf6 30. Re7+ Kd8 31. Ba4 R8f7 32. Rxf7 Rxf7 33. Rd1
Bb7 34. Rd4 Kc7 35. Bc2 h6 36. Kf2 Kd6 37. h4 Bc6 38. b4 a5 39. bxa5 Ra7 40. Rg4
Rxa5 41. Rxg7 Ra2 42. Rg6+ Kc5 43. Rxh6 Rxc2+ 44. Kg3 Rxc3 45. h5 d4 46. Re6 d3
47. Re1 Ba4 48. h6 d2 49. Rd1 Bxd1 50. h7 Bb3 51. h8=Q Rd3 52. Qf8+ Kc4 53. Qc8+
Kb4 54. Qb8+ Ka3 55. Qf8+ Ka2 0-1

[Event "2nd IMSA Basque w 2017"]
[Site "Huai'an CHN"]
[Date "2017.12.14"]
[Round "3.2"]
[White "Lagno, Kateryna"]
[Black "Muzychuk, Anna"]
[Result "1-0"]
[WhiteTitle "GM"]
[BlackTitle "GM"]
[WhiteElo "2547"]
[BlackElo "2582"]
[WhiteFideId "14109336"]
[BlackFideId "14111330"]
[EventDate "2017.12.14"]

1. e4 c5 2. Nf3 e6 3. c3 d5 4. e5 d4 5. Na3 Ne7 6. Bd3 Nbc6 7. Be4 Nd5 8. O-O g5
9. cxd4 cxd4 10. Nb5 a6 11. Nbxd4 Nxd4 12. Nxd4 Bg7 13. Nf3 g4 14. Ne1 Bxe5 15.
Qxg4 Nf6 16. Qe2 Nxe4 17. Qxe4 Qd4 18. Qxd4 Bxd4 19. Nf3 Bg7 20. d4 Bd7 21. Ne5
Bb5 22. Re1 f6 23. a4 Bd7 24. Nxd7 Kxd7 25. Bf4 Rac8 26. Rac1 Rxc1 27. Rxc1 Rc8
28. Rxc8 Kxc8 29. Kf1 Kd7 30. Ke2 Kc6 31. Kd3 Kd5 32. b3 f5 33. Be3 b5 34. axb5
axb5 35. f3 h5 36. h3 Bh8 37. g4 hxg4 38. fxg4 fxg4 39. hxg4 e5 40. dxe5 Bxe5
41. g5 Bb2 42. Bf4 1-0

[Event "2nd IMSA Basque w 2017"]
[Site "Huai'an CHN"]
[Date "2017.12.14"]
[Round "3.1"]
[White "Zhao, Xue"]
[Black "Ushenina, Anna"]
[Result "1-0"]
[WhiteTitle "GM"]
[BlackTitle "GM"]
[WhiteElo "2477"]
[BlackElo "2416"]
[WhiteFideId "8601283"]
[BlackFideId "14110911"]
[EventDate "2017.12.14"]

1. Nf3 d5 2. d4 c6 3. Bf4 Bf5 4. e3 e6 5. Nbd2 Nf6 6. Bd3 Bxd3 7. cxd3 Nh5 8.
Bg3 Nxg3 9. hxg3 Nd7 10. Rc1 Bd6 11. g4 O-O 12. Rh3 Qf6 13. Nb3 Rfe8 14. Kf1 e5
15. dxe5 Bxe5 16. d4 Bd6 17. Qd3 Nf8 18. Qf5 Qg6 19. Nh4 Qe6 20. Nf3 g6 21. Qxe6
Rxe6 22. Ng5 Re7 23. Nf3 Kg7 24. Ke2 Nd7 25. Rch1 Rh8 26. g5 Nf8 27. Nc1 Ne6 28.
Nd3 Nf4+ 29. Nxf4 Bxf4 30. Kd3 Bd6 31. g3 f6 32. gxf6+ Kxf6 33. Rh6 Rf7 34. Ke2
Bf8 35. R6h4 h6 36. Ne5 Rg7 37. Rxh6 Rxh6 38. Rxh6 Bd6 39. Nd3 b6 40. Rh8 Ke6
41. b4 g5 42. g4 Rc7 43. Rg8 Kf6 44. Rh8 c5 45. Rh6+ Ke7 46. bxc5 bxc5 47. dxc5
Bxc5 48. Rh7+ Kd6 49. Rxc7 Kxc7 50. Nxc5 1-0

[Event "2nd IMSA Basque w 2017"]
[Site "Huai'an CHN"]
[Date "2017.12.14"]
[Round "3.2"]
[White "Ushenina, Anna"]
[Black "Zhao, Xue"]
[Result "0-1"]
[WhiteTitle "GM"]
[BlackTitle "GM"]
[WhiteElo "2416"]
[BlackElo "2477"]
[WhiteFideId "14110911"]
[BlackFideId "8601283"]
[EventDate "2017.12.14"]

1. d4 Nf6 2. Nf3 e6 3. Bf4 d5 4. e3 c5 5. Nbd2 Nc6 6. c3 cxd4 7. exd4 Nh5 8. Be3
Bd6 9. Ne5 g6 10. Bb5 Bd7 11. Nxd7 Qxd7 12. Qf3 Qc7 13. h3 a6 14. Bxc6+ bxc6 15.
O-O Rb8 16. b4 O-O 17. Nb3 f6 18. Bh6 Rf7 19. Qe2 Qc8 20. g4 Bf4 21. gxh5 Bxh6
22. hxg6 Rg7 23. Kh1 Rxg6 24. Rg1 Kg7 25. Qh5 Qe8 26. Nc5 Bd2 27. Qf3 e5 28.
Rad1 e4 29. Qe2 Bf4 30. Rg4 Bd6 31. Nxa6 Ra8 32. Rdg1 f5 33. Rg5 Qd8 34. Rxg6+
hxg6 35. Qh5 Qf6 36. Nc5 Rh8 37. Qe2 Rxh3+ 38. Kg2 Rxc3 39. Qd2 Rf3 40. Rh1 f4
41. b5 e3 42. Qd3 Rxf2+ 43. Kh3 Be7 0-1

[Event "2nd IMSA Basque w 2017"]
[Site "Huai'an CHN"]
[Date "2017.12.14"]
[Round "3.1"]
[White "Muzychuk, Mariya"]
[Black "Tan, Zhongyi"]
[Result "1-0"]
[WhiteTitle "GM"]
[BlackTitle "GM"]
[WhiteElo "2544"]
[BlackElo "2517"]
[WhiteFideId "14114550"]
[BlackFideId "8603642"]
[EventDate "2017.12.14"]

1. e4 e5 2. Nf3 Nc6 3. d4 exd4 4. Nxd4 Bc5 5. Nb3 Bb6 6. Qe2 d6 7. Nc3 Nf6 8.
Bg5 h6 9. Bh4 Be6 10. Nd5 g5 11. Bg3 Bxd5 12. exd5+ Ne7 13. O-O-O Qd7 14. Qf3
Qf5 15. Bb5+ Kf8 16. Qc3 Rg8 17. Bd3 Nfxd5 18. Qd2 Qf6 19. Be4 Nf4 20. Bxf4 Qxf4
21. Qxf4 gxf4 22. Bxb7 Rb8 23. Be4 Bxf2 24. Nd4 Rb4 25. c3 Ra4 26. Kb1 Bxd4 27.
Rxd4 Rxd4 28. cxd4 Ke8 29. Rc1 Kd7 30. Rc3 f5 31. Bf3 Rb8 32. Ra3 Rb4 33. Rxa7
Rxd4 34. Ra8 Ng6 35. Rg8 Ne5 36. Rh8 Nxf3 37. gxf3 Rd3 38. Rxh6 Rxf3 39. Rf6
Rf1+ 40. Kc2 Rf2+ 41. Kc3 Rxh2 42. Rxf5 Rf2 43. a4 c5 44. a5 Kc6 45. a6 Rf1 46.
a7 Ra1 47. Rf7 d5 48. b4 Ra3+ 49. Kb2 cxb4 50. Rxf4 Kc5 51. Rf7 Kc4 52. Rc7+ Kd3
53. Rh7 Ra6 54. Kb3 d4 55. Kxb4 Ke3 56. Rh3+ Ke2 57. Ra3 Rb6+ 58. Kc5 1-0

[Event "2nd IMSA Basque w 2017"]
[Site "Huai'an CHN"]
[Date "2017.12.14"]
[Round "3.2"]
[White "Tan, Zhongyi"]
[Black "Muzychuk, Mariya"]
[Result "1-0"]
[WhiteTitle "GM"]
[BlackTitle "GM"]
[WhiteElo "2517"]
[BlackElo "2544"]
[WhiteFideId "8603642"]
[BlackFideId "14114550"]
[EventDate "2017.12.14"]

1. d4 Nf6 2. c4 e6 3. Nf3 c5 4. d5 b5 5. dxe6 fxe6 6. cxb5 d5 7. e3 Bd6 8. b3
O-O 9. Bb2 Nbd7 10. Bd3 Qe8 11. Nbd2 Bb7 12. O-O Qh5 13. h3 e5 14. e4 dxe4 15.
Bc4+ Kh8 16. Nh2 Qg5 17. Ng4 Rad8 18. Ne3 Nh5 19. Qg4 Qxg4 20. hxg4 Nf4 21. Bc3
Nb6 22. Ba5 Bc7 23. Rad1 Rf6 24. g3 Nh3+ 25. Kg2 Ng5 26. Nb1 Rd4 27. Bxb6 Bxb6
28. Nc3 Rf8 29. Bd5 Bc8 30. Bc6 Ba5 31. Na4 Bb4 32. Nb2 Nf3 33. Nbc4 Nd2 34.
Nxd2 Bxd2 35. Nc4 Bc3 36. Rxd4 Bxd4 37. Bxe4 Bxg4 38. f3 Be6 39. a4 g5 40. a5
Rb8 41. b6 axb6 42. a6 b5 43. a7 Rd8 44. Nd6 c4 45. a8=Q Rxa8 46. Bxa8 cxb3 47.
Nxb5 Bc4 48. Nxd4 Bxf1+ 49. Kxf1 exd4 50. g4 Kg7 51. Ke2 h5 52. gxh5 Kh6 53. Be4
Kxh5 54. Bf5 b2 55. Kf2 Kh4 56. Kg2 g4 57. f4 g3 58. Bb1 Kg4 59. f5 1-0

[Event "2nd IMSA Basque w 2017"]
[Site "Huai'an CHN"]
[Date "2017.12.14"]
[Round "3.1"]
[White "Paehtz, Elisabeth"]
[Black "Dzagnidze, Nana"]
[Result "1-0"]
[WhiteTitle "IM"]
[BlackTitle "GM"]
[WhiteElo "2464"]
[BlackElo "2522"]
[WhiteFideId "4641833"]
[BlackFideId "13601903"]
[EventDate "2017.12.14"]

1. e4 c5 2. Nf3 e6 3. d4 cxd4 4. Nxd4 a6 5. Bd3 Nf6 6. O-O Qc7 7. f4 Bc5 8. c3
Nc6 9. Be3 d6 10. Nd2 e5 11. Nc2 exf4 12. Rxf4 Ne5 13. Nb3 Nfg4 14. Bd4 Be6 15.
h3 Nxd3 16. Qxd3 Ne5 17. Qg3 O-O 18. Rf2 f6 19. Nxc5 dxc5 20. Bxe5 Qxe5 21. Qxe5
fxe5 22. Ne3 Rfd8 23. a4 a5 24. Re2 Ra6 25. Nd5 Bxd5 26. Rd1 Rad6 27. Red2 c4
28. exd5 Kf7 29. Kf2 Ke7 30. Ke3 Rf6 31. Rb1 Rc8 32. b4 cxb3 33. Rxb3 b6 34. Ke4
Rc4+ 35. Kxe5 Kd7 36. Rd4 Rc8 37. Ke4 Rd6 38. c4 Re8+ 39. Kd3 Rf6 40. Rb2 h6 41.
Re4 Ref8 42. Rbe2 R8f7 43. Re6 Kc7 44. Rxf6 gxf6 45. Re6 h5 46. Ke4 h4 47. Kf5
Rg7 48. Rc6+ Kb7 49. Rxf6 Rxg2 50. Rf7+ Kc8 51. Rh7 Ra2 52. Ke6 Rxa4 53. d6 Rxc4
54. d7+ Kc7 55. Rh8 Re4+ 56. Kd5 Kxd7 57. Kxe4 Kc6 1-0

[Event "2nd IMSA Basque w 2017"]
[Site "Huai'an CHN"]
[Date "2017.12.14"]
[Round "3.2"]
[White "Dzagnidze, Nana"]
[Black "Paehtz, Elisabeth"]
[Result "0-1"]
[WhiteTitle "GM"]
[BlackTitle "IM"]
[WhiteElo "2522"]
[BlackElo "2464"]
[WhiteFideId "13601903"]
[BlackFideId "4641833"]
[EventDate "2017.12.14"]

1. Nf3 g6 2. c4 Bg7 3. Nc3 d6 4. d4 Nf6 5. g3 O-O 6. Bg2 Nc6 7. O-O a6 8. Bf4
Rb8 9. Rc1 h6 10. b3 Kh7 11. e4 Nh5 12. Be3 e5 13. c5 dxc5 14. dxc5 Be6 15. Qe2
Qe8 16. Nd5 Rc8 17. Nd2 f5 18. exf5 gxf5 19. Nc4 f4 20. Bd2 Nd4 21. Qd3+ Kh8 22.
gxf4 Nxf4 23. Nxf4 exf4 24. Bc3 Bf5 25. Qd2 Ne2+ 26. Kh1 Nxc3 27. Rxc3 Rd8 28.
Qc1 Bxc3 29. Qxc3+ Kh7 30. Re1 Qf7 31. Bxb7 Rfe8 32. Rg1 Rg8 33. Re1 Rd3 34. Qe5
Qh5 35. Qxf4 Rd1 36. Qe3 Re8 37. Ne5 Rxe1+ 38. Qxe1 Qh4 39. Qe3 Qf6 40. f4 Rd8
41. Bf3 Rg8 42. Be4 Kh8 43. Bf3 Qe6 44. Qd4 Rg7 45. Qd8+ Kh7 46. Qd4 Qf6 47. Be4
Bxe4+ 48. Qxe4+ Kh8 49. Qd4 Qf5 50. Nd3 Qg4 51. Qf2 Qd1+ 52. Ne1 Re7 53. Qb2+
Kg8 54. Qg2+ Kf7 0-1

[Event "2nd IMSA Basque w 2017"]
[Site "Huai'an CHN"]
[Date "2017.12.14"]
[Round "3.1"]
[White "Harika, Dronavalli"]
[Black "Stefanova, Antoaneta"]
[Result "1/2-1/2"]
[WhiteTitle "GM"]
[BlackTitle "GM"]
[WhiteElo "2504"]
[BlackElo "2500"]
[WhiteFideId "5015197"]
[BlackFideId "2902257"]
[EventDate "2017.12.14"]

1. e4 e5 2. Nf3 Nc6 3. Bc4 Bc5 4. O-O Nf6 5. d3 d6 6. c3 h6 7. Re1 O-O 8. h3 a5
9. Nbd2 a4 10. Nf1 Bd7 11. Bb5 Qb8 12. Ng3 Ra5 13. c4 Ne7 14. Bxd7 Nxd7 15. Nh4
Kh7 16. Rf1 Qd8 17. Kh1 Ng8 18. Nhf5 Ra8 19. f4 g6 20. Ne3 Qh4 21. Ne2 c6 22. f5
Ne7 23. Ng1 Bxe3 24. Bxe3 gxf5 25. exf5 Nf6 26. Qf3 Rg8 27. Bf2 Qh5 28. Qxh5
Nxh5 29. g4 Nf4 30. d4 h5 31. dxe5 dxe5 32. Bh4 Rae8 33. Rae1 Nc8 34. g5 Nd6 35.
Bg3 Nxc4 36. Nf3 Nxh3 37. b3 axb3 38. axb3 Nd6 39. g6+ fxg6 40. Kh2 Nf4 41. Nxe5
g5 42. Bxf4 gxf4 43. Rxf4 Rgf8 44. f6 Re6 45. f7 Nxf7 46. Ref1 Rxe5 47. Rxf7+
Rxf7 48. Rxf7+ Kg6 49. Rxb7 Rb5 50. Rc7 c5 51. Kg2 Kf5 52. Kf2 Ke4 53. Ke2 Kd4
54. Rh7 Rxb3 55. Rxh5 Rb2+ 56. Kd1 c4 57. Rh3 c3 58. Kc1 Rg2 59. Rh8 Kd3 60.
Rd8+ Kc4 61. Rc8+ Kb3 62. Rb8+ Kc4 63. Rc8+ Kd3 64. Rd8+ Kc4 65. Rc8+ Kd4 1/2-1/2

[Event "2nd IMSA Basque w 2017"]
[Site "Huai'an CHN"]
[Date "2017.12.14"]
[Round "3.2"]
[White "Stefanova, Antoaneta"]
[Black "Harika, Dronavalli"]
[Result "1/2-1/2"]
[WhiteTitle "GM"]
[BlackTitle "GM"]
[WhiteElo "2500"]
[BlackElo "2504"]
[WhiteFideId "2902257"]
[BlackFideId "5015197"]
[EventDate "2017.12.14"]

1. Nf3 g6 2. d4 Nf6 3. Nc3 Bg7 4. Bf4 d6 5. Qd2 c6 6. Bh6 Bxh6 7. Qxh6 Bf5 8.
Ng5 d5 9. O-O-O b5 10. f3 b4 11. Na4 Qa5 12. b3 Nbd7 13. g4 Be6 14. Nxe6 fxe6
15. Qe3 Nb6 16. Qxe6 Nxa4 17. Qxc6+ Kf7 18. Qxa4 Qxa4 19. bxa4 Rhc8 20. g5 Nh5
21. e4 Nf4 22. Ba6 Rc3 23. exd5 Rd8 24. Rhe1 Rd6 25. Bb7 Nxd5 26. f4 Ne3 27. Rd2
e6 28. a5 Rd7 29. a6 Rd6 30. Kb1 Nc4 31. Rde2 Rxd4 32. Rxe6 Na3+ 33. Kb2 Rxc2+
34. Kb3 Rc3+ 35. Ka4 Rc7 36. R6e4 Rd8 37. R1e2 Nb1 38. Kxb4 Nd2 39. Re6 Rd4+ 40.
Ka3 Nc4+ 41. Kb3 Na5+ 42. Kb2 Rb4+ 43. Ka3 Rd4 44. R6e4 Rd3+ 45. Kb4 Nxb7 46.
axb7 Rxb7+ 47. Ka4 Rbd7 48. h4 R3d6 49. Kb3 Rd3+ 50. Kc2 Rh3 51. f5 gxf5 52. Re5
Rxh4 53. Rxf5+ Kg6 54. Ra5 Rc4+ 55. Kb3 Rc6 56. Rh2 Rb7+ 57. Ka4 Kg7 58. Rh4 Rc2
59. a3 Rg2 60. Rb4 Rf7 61. Rc4 Rb7 62. Rb4 Rf7 63. Rc4 1/2-1/2

[Event "2nd IMSA Basque w 2017"]
[Site "Huai'an CHN"]
[Date "2017.12.15"]
[Round "4.1"]
[White "Zhao, Xue"]
[Black "Muzychuk, Mariya"]
[Result "1-0"]
[WhiteTitle "GM"]
[BlackTitle "GM"]
[WhiteElo "2477"]
[BlackElo "2544"]
[WhiteFideId "8601283"]
[BlackFideId "14114550"]
[EventDate "2017.12.14"]

1. d4 d5 2. c4 c6 3. Nc3 Nf6 4. Nf3 e6 5. Bg5 h6 6. Bxf6 Qxf6 7. Qb3 Nd7 8. e4
dxe4 9. Nxe4 Qf4 10. Bd3 e5 11. O-O Be7 12. Rae1 f5 13. Ng3 e4 14. Bxe4 Nf6 15.
Bxf5 Bxf5 16. Qxb7 O-O 17. Nxf5 Qxf5 18. Qxe7 Rab8 19. b3 a5 20. Re5 Qg6 21.
Qe6+ Kh8 22. Rxa5 Rbe8 23. Ne5 Qe4 24. Qh3 c5 25. Qe3 Qc2 26. Rxc5 Ng4 27. Qd3
Qxd3 28. Nxd3 Re2 29. h3 Nf6 30. Nf4 Rxa2 31. Ng6+ 1-0

[Event "2nd IMSA Basque w 2017"]
[Site "Huai'an CHN"]
[Date "2017.12.15"]
[Round "4.2"]
[White "Muzychuk, Mariya"]
[Black "Zhao, Xue"]
[Result "1/2-1/2"]
[WhiteTitle "GM"]
[BlackTitle "GM"]
[WhiteElo "2544"]
[BlackElo "2477"]
[WhiteFideId "14114550"]
[BlackFideId "8601283"]
[EventDate "2017.12.14"]

1. e4 c6 2. d4 d5 3. Nc3 dxe4 4. Nxe4 Nf6 5. Nxf6+ gxf6 6. Nf3 Bf5 7. Bd3 Bg6 8.
Bf4 Nd7 9. O-O Bg7 10. Re1 O-O 11. Nh4 e6 12. Nxg6 hxg6 13. c3 f5 14. Qd2 Nf6
15. Bh6 Bxh6 16. Qxh6 c5 17. Rad1 cxd4 18. cxd4 Ng4 19. Qf4 Qb8 20. Qxb8 Raxb8
21. Bc4 Rfc8 22. Bb3 Nf6 23. h4 Rd8 24. Re3 Rd6 25. Rc3 Rbd8 26. Rc7 R8d7 27.
Rxd7 Rxd7 28. f3 f4 29. Kf2 Kg7 30. g4 fxg3+ 31. Kxg3 Kh6 32. Kf4 Nd5+ 33. Ke5
Kg7 34. Rc1 Ne7 35. Bxe6 fxe6 36. Kxe6 Rxd4 37. Rc7 Kh6 38. Rxe7 Rb4 39. b3 a5
40. Kf6 a4 41. Re4 Rb6+ 42. Re6 Rb4 43. bxa4 Rxa4 44. Kf7 Rxa2 45. Rxg6+ Kh5 46.
Rg4 Rf2 47. Rf4 b5 48. Kf6 b4 49. Rxb4 Rxf3+ 50. Ke5 Rh3 51. Kf5 Rf3+ 52. Ke4
Rh3 1/2-1/2

[Event "2nd IMSA Basque w 2017"]
[Site "Huai'an CHN"]
[Date "2017.12.15"]
[Round "4.1"]
[White "Lagno, Kateryna"]
[Black "Ju, Wenjun"]
[Result "0-1"]
[WhiteTitle "GM"]
[BlackTitle "GM"]
[WhiteElo "2547"]
[BlackElo "2567"]
[WhiteFideId "14109336"]
[BlackFideId "8603006"]
[EventDate "2017.12.14"]

1. e4 c5 2. Nf3 e6 3. d4 cxd4 4. Nxd4 Nc6 5. Nc3 Nf6 6. Ndb5 Bb4 7. a3 Bxc3+ 8.
Nxc3 d5 9. exd5 Nxd5 10. Nxd5 exd5 11. Be2 O-O 12. O-O Bf5 13. Bd3 Qf6 14. Qh5
Bxd3 15. cxd3 Qd4 16. Be3 Qxd3 17. Rad1 Qb3 18. Rxd5 Qxb2 19. Rb5 Qc3 20. Bc5
Rfb8 21. Bd6 Rd8 22. Bc7 Rd7 23. Rxb7 Qd3 24. Qg4 Rc8 25. Bd6 f5 26. Qa4 Rxb7
27. h3 Qxd6 28. Rd1 Qe6 29. Rc1 h6 30. Qa6 Rbc7 31. Qb5 Kh7 32. Rf1 Nd4 33. Qd3
Qe4 34. Qg3 Ne2+ 35. Kh2 Nxg3 36. fxg3 Rc2 37. Rg1 Rd2 38. Kh1 Rc1 39. Kh2 Rxg1
40. Kxg1 Qxg2# 0-1

[Event "2nd IMSA Basque w 2017"]
[Site "Huai'an CHN"]
[Date "2017.12.15"]
[Round "4.2"]
[White "Ju, Wenjun"]
[Black "Lagno, Kateryna"]
[Result "1/2-1/2"]
[WhiteTitle "GM"]
[BlackTitle "GM"]
[WhiteElo "2567"]
[BlackElo "2547"]
[WhiteFideId "8603006"]
[BlackFideId "14109336"]
[EventDate "2017.12.14"]

1. d4 Nf6 2. c4 g6 3. Nc3 d5 4. f3 Bg7 5. e4 dxe4 6. fxe4 Bg4 7. Nf3 Bxf3 8.
gxf3 e5 9. d5 Nh5 10. Be3 Qh4+ 11. Bf2 Qf4 12. d6 c6 13. c5 Nd7 14. Be2 Bh6 15.
b4 O-O 16. b5 a6 17. bxc6 bxc6 18. Rb1 Rfb8 19. Rb3 a5 20. Na4 Rb4 21. Nb6 Rd8
22. Nxd7 Rxd7 23. Rxb4 axb4 24. Ba6 Nf6 25. O-O Ra7 26. Bc4 Nd7 27. Bb3 Qf6 28.
Kg2 Bf4 29. Qe1 Qg5+ 30. Bg3 h5 31. Kh1 Bd2 32. Qf2 Be3 33. Qe1 Bxc5 34. f4 exf4
35. Bxf4 Qg4 36. e5 Nf8 37. Bg3 Ne6 38. Rf6 Ng5 39. Rxg6+ Kf8 40. Rf6 h4 41. Rf4
Qh5 42. Bxh4 Nf3 43. Be7+ Rxe7 44. dxe7+ Kxe7 45. Qe2 Qg5 46. Rxf7+ Ke8 47. Qf1
Nxe5 48. Rh7 Qg6 49. Rh8+ Kd7 50. Rh4 Kc7 51. Rf4 Kb6 52. Qg2 Qd6 53. Rf1 Qd4
54. Qg3 Qe4+ 55. Qg2 Qd4 56. Qg3 Qe4+ 57. Qg2 Qd3 58. Rd1 Qf5 59. Rf1 Qd3 60.
Rd1 Qe3 61. Qg8 Qe4+ 62. Qg2 Qe3 63. Qg8 Qf3+ 64. Qg2 Qf4 65. Rf1 Qh4 66. Qg3
Qe4+ 67. Qg2 1/2-1/2

[Event "2nd IMSA Basque w 2017"]
[Site "Huai'an CHN"]
[Date "2017.12.15"]
[Round "4.1"]
[White "Harika, Dronavalli"]
[Black "Tan, Zhongyi"]
[Result "1-0"]
[WhiteTitle "GM"]
[BlackTitle "GM"]
[WhiteElo "2504"]
[BlackElo "2517"]
[WhiteFideId "5015197"]
[BlackFideId "8603642"]
[EventDate "2017.12.14"]

1. e4 e5 2. Nf3 Nc6 3. Bb5 a6 4. Ba4 Nf6 5. O-O Be7 6. Re1 b5 7. Bb3 O-O 8. d4
Nxd4 9. Nxd4 exd4 10. e5 Ne8 11. c3 dxc3 12. Nxc3 Bb7 13. a4 d6 14. e6 fxe6 15.
Bxe6+ Kh8 16. Qh5 Nf6 17. Qh3 d5 18. Bg5 Ne4 19. Nxe4 Bxg5 20. Nc5 Bc6 21. Bf5
h6 22. Ne6 Qf6 23. Nxf8 Rxf8 24. Re6 Qxb2 25. Rb1 Qa2 26. Rxc6 Qxa4 27. Bc2 Qd4
28. Qd3 Qxf2+ 29. Kh1 g6 30. Rxg6 Rf7 31. Re6 Kg7 32. Re8 Rf5 33. Qxf5 Qxf5 34.
Bxf5 c5 35. Ra8 Kf6 36. Bh7 b4 37. Rxa6+ Ke5 38. Bg8 Bd2 39. Rd1 1-0

[Event "2nd IMSA Basque w 2017"]
[Site "Huai'an CHN"]
[Date "2017.12.15"]
[Round "4.2"]
[White "Tan, Zhongyi"]
[Black "Harika, Dronavalli"]
[Result "0-1"]
[WhiteTitle "GM"]
[BlackTitle "GM"]
[WhiteElo "2517"]
[BlackElo "2504"]
[WhiteFideId "8603642"]
[BlackFideId "5015197"]
[EventDate "2017.12.14"]

1. d4 d5 2. c4 e6 3. Nc3 c6 4. Nf3 Nf6 5. Bg5 h6 6. Bh4 g5 7. Bg3 dxc4 8. e4 b5
9. Be2 Bb7 10. O-O Nbd7 11. Qc2 Nh5 12. Rad1 Bg7 13. e5 O-O 14. Ne4 Nxg3 15.
fxg3 c5 16. dxc5 Bxe4 17. Qxe4 Nxc5 18. Qg4 Nd3 19. Bxd3 cxd3 20. h4 gxh4 21.
gxh4 Qd5 22. Kh1 Rad8 23. Rd2 Qc4 24. Qg3 Rd5 25. Rdf2 d2 26. Rd1 Rfd8 27. Kh2
Qc2 28. Rff1 Qe4 29. Rf2 Kh8 30. b3 Qe3 31. Kh3 Rd3 32. Rff1 R8d4 33. Qf2 Qxe5
34. g3 Qf5+ 35. Kh2 Rd7 36. Qe2 Qg4 37. Qg2 Qb4 38. Rf2 Bc3 39. Ng1 Qg4 40. Ne2
Be5 41. Qh3 Qxh3+ 42. Kxh3 f5 43. Kg2 Re3 44. Nf4 Bxf4 45. gxf4 Red3 46. Re2
R7d6 47. Kf2 Kg7 48. Re5 a6 49. Ke2 Kf6 50. h5 Rh3 51. Rc5 Rxh5 52. Rc8 Rh2+ 53.
Ke3 Rh3+ 54. Ke2 h5 55. Rg8 h4 56. Rg2 Rhd3 57. Rh2 h3 58. Rhh1 R6d5 59. Rhf1
Ke7 60. Rf2 Kd6 61. Rff1 Kc5 62. Rg1 Kb4 63. Rg6 Rd6 64. Rg8 Ka3 65. Ra8 Kxa2 0-1

[Event "2nd IMSA Basque w 2017"]
[Site "Huai'an CHN"]
[Date "2017.12.15"]
[Round "4.1"]
[White "Stefanova, Antoaneta"]
[Black "Dzagnidze, Nana"]
[Result "0-1"]
[WhiteTitle "GM"]
[BlackTitle "GM"]
[WhiteElo "2500"]
[BlackElo "2522"]
[WhiteFideId "2902257"]
[BlackFideId "13601903"]
[EventDate "2017.12.14"]

1. d4 Nf6 2. Nf3 e6 3. e3 b6 4. Bd3 Bb7 5. c4 d5 6. Nc3 Bd6 7. O-O O-O 8. b3
Nbd7 9. Bb2 a6 10. a4 Qe7 11. a5 dxc4 12. bxc4 e5 13. Bf5 e4 14. Nd2 Rfe8 15.
Qc2 Bb4 16. Nb3 Nf8 17. Na2 Bd6 18. c5 bxc5 19. Nxc5 Bc8 20. Bxc8 Raxc8 21. h3
Nd5 22. Nxa6 Ng6 23. Nc3 Qg5 24. Nxd5 Nh4 25. g4 Qxd5 26. Ba3 h5 27. Rfc1 hxg4
28. hxg4 Qg5 29. Bxd6 cxd6 30. Nc7 Qxg4+ 31. Kf1 Re7 32. a6 Qg2+ 33. Ke2 Qf3+
34. Kf1 Rexc7 35. Qxc7 Rxc7 36. Rxc7 Qh1+ 37. Ke2 Qxa1 38. a7 Kh7 39. Rxf7 Nf3 0-1

[Event "2nd IMSA Basque w 2017"]
[Site "Huai'an CHN"]
[Date "2017.12.15"]
[Round "4.2"]
[White "Dzagnidze, Nana"]
[Black "Stefanova, Antoaneta"]
[Result "1-0"]
[WhiteTitle "GM"]
[BlackTitle "GM"]
[WhiteElo "2522"]
[BlackElo "2500"]
[WhiteFideId "13601903"]
[BlackFideId "2902257"]
[EventDate "2017.12.14"]

1. d4 d5 2. Bf4 Nf6 3. e3 e6 4. Nf3 Bd6 5. Bg3 O-O 6. Nbd2 c5 7. dxc5 Bxc5 8. c4
Nc6 9. a3 b6 10. Be2 Bb7 11. cxd5 Qxd5 12. b4 Be7 13. O-O Rfd8 14. Nc4 b5 15.
Ncd2 a5 16. bxa5 e5 17. Nb3 Qe6 18. Qb1 Nxa5 19. Nxa5 Rxa5 20. Nxe5 Ne4 21. Nf3
Nxg3 22. hxg3 Be4 23. Qb2 Bf6 24. Rad1 Rda8 25. Nd4 1-0